Sports Quiz

Random Sports or Basketball Quiz

OVC Basketball Coaches - Last 20 Years Quiz Stats

 Plays Quiz not verified by Sporcle

Also try: 25 Famous Boxers
Challenge
Share
Tweet
Embed
Score 0/217 Timer 20:00
0 Plays Today
Year Coach % Correct
2018Matt Figger
100%
2018Rick Byrd
100%
2018Jay Spoonhour
100%
2018A.W. Hamilton
100%
2018Ray Harper
100%
2018Preston Spradlin
100%
2018Matt McMahon
100%
2018Jon Harris
100%
2018Rick Ray
100%
2018Brian Collins
100%
2018Steve Payne
100%
2017Rick Byrd
75%
2013Steve Prohm
70.4%
2014Steve Prohm
69.2%
2013Rick Byrd
66.7%
2016Rick Byrd
66.7%
2014Rick Byrd
65.4%
2015Rick Byrd
64%
2012Steve Prohm
63.3%
2012Rick Byrd
60%
2000Travis Ford
59%
2001Travis Ford
59%
2002Travis Ford
59%
2003Travis Ford
59%
2004Travis Ford
59%
2017Dana Ford
58.3%
2011Steve Prohm
56.4%
2015James Green
56%
2013James Green
55.6%
2006Billy Kennedy
53.8%
2007Billy Kennedy
53.8%
2008Billy Kennedy
53.8%
2009Billy Kennedy
53.8%
2010Billy Kennedy
53.8%
2014James Green
53.8%
2013Travis Williams
51.9%
1999Tevester Anderson
51.3%
2000Tevester Anderson
51.3%
2001Tevester Anderson
51.3%
2002Tevester Anderson
51.3%
2012James Green
50%
2016Dana Ford
50%
2017Ray Harper
50%
2017Jon Harris
50%
2012Dave Loos
46.7%
2012Travis Williams
46.7%
1999Dave Loos
46.2%
2000Dave Loos
46.2%
2001Dave Loos
46.2%
2002Dave Loos
46.2%
2003Dave Loos
46.2%
2003Mick Cronin
46.2%
2004Dave Loos
46.2%
2004Mick Cronin
46.2%
2005Dave Loos
46.2%
2005Mick Cronin
46.2%
2006Dave Loos
46.2%
2007Dave Loos
46.2%
2008Dave Loos
46.2%
2008James Green
46.2%
2009Dave Loos
46.2%
2009James Green
46.2%
2010Dave Loos
46.2%
2010James Green
46.2%
2011Dave Loos
46.2%
2011James Green
46.2%
2016Ray Harper
44.4%
2015Jon Harris
44%
2015Dana Ford
44%
1999Kyle Macy
43.6%
2000Kyle Macy
43.6%
2001Kyle Macy
43.6%
2002Kyle Macy
43.6%
Year Coach % Correct
2002Mike Sutton
43.6%
2003Kyle Macy
43.6%
2003Mike Sutton
43.6%
2004Kyle Macy
43.6%
2004Mike Sutton
43.6%
2005Mike Miller
43.6%
2005Kyle Macy
43.6%
2005Mike Sutton
43.6%
2006Mike Miller
43.6%
2006Mike Sutton
43.6%
2007Mike Miller
43.6%
2007Mike Sutton
43.6%
2008Mike Miller
43.6%
2008Mike Sutton
43.6%
2009Mike Miller
43.6%
2009Mike Sutton
43.6%
2010Mike Miller
43.6%
2010Mike Sutton
43.6%
2011Mike Miller
43.6%
2014Dana Ford
42.3%
2017Anthony Stewart
41.7%
2009Dickey Nutt
41%
2010Dickey Nutt
41%
2011Dickey Nutt
41%
2013Dave Loos
40.7%
2012Dickey Nutt
40%
2016Dave Loos
38.9%
2016Sean Woods
38.9%
2016Jon Harris
38.9%
2014Dave Loos
38.5%
2015Dave Loos
36%
2015Matt McMahon
36%
2006Donnie Tyndall
35.9%
2007Donnie Tyndall
35.9%
2008Donnie Tyndall
35.9%
2009Donnie Tyndall
35.9%
2010Donnie Tyndall
35.9%
2011Donnie Tyndall
35.9%
2013Sean Woods
33.3%
2013Dickey Nutt
33.3%
2016Matt McMahon
33.3%
2016Anthony Stewart
33.3%
2015Sean Woods
32%
2006Scott Edgar
30.8%
2007Scott Edgar
30.8%
2014Sean Woods
30.8%
2014Dickey Nutt
30.8%
2012Jeff Neubauer
30%
2012Sean Woods
30%
2013Jay Spoonhour
29.6%
2013Jeff Neubauer
29.6%
2013Lennox Forrester
29.6%
2013Jason James
29.6%
1999Bret Campbell
28.2%
2000Bret Campbell
28.2%
2001Bret Campbell
28.2%
2002Bret Campbell
28.2%
2003Jimmy Tillette
28.2%
2003Bret Campbell
28.2%
2004Jimmy Tillette
28.2%
2004Bret Campbell
28.2%
2005Jeff Neubauer
28.2%
2005Jimmy Tillette
28.2%
2005Bret Campbell
28.2%
2006Jeff Neubauer
28.2%
2006Jimmy Tillette
28.2%
2006Bret Campbell
28.2%
2007Jeff Neubauer
28.2%
2007Jimmy Tillette
28.2%
2007Bret Campbell
28.2%
2008Jeff Neubauer
28.2%
2008Bret Campbell
28.2%
2009Jeff Neubauer
28.2%
Year Coach % Correct
2009Jason James
28.2%
2010Jeff Neubauer
28.2%
2010Jason James
28.2%
2011Jeff Neubauer
28.2%
2011Jason James
28.2%
2015Jay Spoonhour
28%
2016Jay Spoonhour
27.8%
2016Rick Ray
27.8%
2016Steve Payne
27.8%
2014Jay Spoonhour
26.9%
2014Jeff Neubauer
26.9%
2014Lennox Forrester
26.9%
2012Jay Spoonhour
26.7%
2012Lennox Forrester
26.7%
2012Jason James
26.7%
2013Steve Payne
25.9%
1999Jeff Lebo
25.6%
2000Jeff Lebo
25.6%
2001Jeff Lebo
25.6%
2003Mike LaPlante
25.6%
2004Mike LaPlante
25.6%
2005Mike LaPlante
25.6%
2006Mike LaPlante
25.6%
2007Mike LaPlante
25.6%
2009John Cooper
25.6%
2010John Cooper
25.6%
2011John Cooper
25.6%
2017Jay Spoonhour
25%
2017Matt McMahon
25%
2017Rick Ray
25%
2017Steve Payne
25%
2015Rick Ray
24%
2015Steve Payne
24%
2012Steve Payne
23.3%
1999Scott Perry
23.1%
1999Gary Garner
23.1%
2000Gary Garner
23.1%
2000Nolan Richardson III
23.1%
2001Gary Garner
23.1%
2001Nolan Richardson III
23.1%
2002Gary Garner
23.1%
2002Nolan Richardson III
23.1%
2003Gary Garner
23.1%
2003Cy Alexander
23.1%
2004Gary Garner
23.1%
2004Cy Alexander
23.1%
2005Gary Garner
23.1%
2005Cy Alexander
23.1%
2006Cy Alexander
23.1%
2007Cy Alexander
23.1%
2008Cy Alexander
23.1%
2011Lennox Forrester
23.1%
2014Steve Payne
23.1%
1999Rick Samuels
20.5%
1999Frankie Allen
20.5%
2000Rick Samuels
20.5%
2001Rick Samuels
20.5%
2002Rick Samuels
20.5%
2003Rick Samuels
20.5%
2004Rick Samuels
20.5%
2011Steve Payne
20.5%
2015Heath Schroyer
20%
2014Heath Schroyer
19.2%
2016Dan McHale
16.7%
2017Dan McHale
16.7%
2017Preston Spradlin
16.7%
2015Dan McHale
16%
2008Zac Roman
10.3%
2017Matt Figger
8.3%
1999Randy Wiel
2.6%
2018Anthony Stewart
0%

You're not logged in!

Compare scores with friends on all Sporcle quizzes.
Join for Free
OR
Log In

You Might Also Like...

Show Comments

Extras

Top Quizzes Today


Score Distribution

Your Account Isn't Verified!

In order to create a playlist on Sporcle, you need to verify the email address you used during registration. Go to your Sporcle Settings to finish the process.

Report this User

Report this user for behavior that violates our Community Guidelines.

Details: